00409nam a22001337a 4500999001900000003000500019038001200024082001300036245005900049260002500108300002500133942001200158952010500170 c522788d522788NUST aTanveer a624bVAZ aConcise Handbook of Civil Engineering /cV.N. Vazirani aNew Delhi :b?c1993 aviii, 127p. :c25cm. 2ddccBK 00102ddc4070aCLbCLd2019-01-21l1m2o624 VAZpNIT-6496r2020-01-09s2019-10-22w2019-01-21yBK